000 nam a22 a 4500
999 _c1416
_d1416
005 20170509145748.0
008 170509b2011 my ||||| |||| 00| 0 eng d
020 _a9789677013742
040 _aAKMAL
082 _a343.59505622 MAL
090 _a343.5950562
_bMAL
110 1 _aMalaysia.
_9400
245 1 4 _aThe Malaysian Trade Classification and Customs Duties Order 2011:
_b|b import duties, export duties, sales tax, import licence (AP), export licence (AP) : all amendments up to 1 June 2011 :
_ccompiled by MDC, Customs Updating Service Dept.
260 _aKuala Lumpur :
_bMDC Publishers,
_c2011
300 _a856p ;
_c19 x 30cm
650 0 _aTariff
_xLaw and legislation
_zMalaysia.
_920
710 2 _a MDC Sdn. Bhd.
_bResearch and Customs Updating Service Department.
_92611
942 _2ddc
_cBOOK